Analýza nákladov vo vybranej spoločnosti diplomová práca

Enregistré dans:
Détails bibliographiques
Auteur principal: Bereš, Štefan
Collectivité auteur: Podnikovohospodárska fakulta EU so sídlom v Košiciach. Katedra účtovníctva a financií
Autres auteurs: Schwartzová, Zuzana
Format: Livre
Langue:slovaque
Publié: Košice 2011
Tags: Ajouter un tag
Pas de tags, Soyez le premier à ajouter un tag!

MARC

LEADER 00000nbm a2200000 4500
001 0139421
005 20161109101917.4
041 0 |a slo 
044 |a SK 
245 1 0 |a Analýza nákladov vo vybranej spoločnosti  |b diplomová práca  |c Štefan Bereš ; školiteľ: Zuzana Schwartzová 
264 1 |a Košice  |c 2011 
300 |a 76 s. 
100 1 |a Bereš, Štefan 
700 1 |a Schwartzová, Zuzana 
710 2 |a Podnikovohospodárska fakulta EU so sídlom v Košiciach. Katedra účtovníctva a financií